2022 Ballon d'Or Placements - Statistics

General Stats
  • This quiz has been taken 17 times
  • The average score is 24 of 30
Answer Stats
Points Club(s) Nationality Player % Correct
18 Dortmund Norway Erling Haaland
100%
0 Tottenham England Harry Kane
100%
549 Real Madrid France Karim Benzema
100%
175 Man City Belgium Kevin De Bruyne
100%
85 PSG France Kylian Mbappe
100%
20 Real Madrid Croatia Luka Modric
100%
116 Liverpool Egypt Mohamed Salah
100%
170 Bayern Munich Poland Robert Lewandowski
100%
193 Liverpool Senegal Sadio Mane
100%
5 Tottenham South Korea Son Heung-min
100%
61 Real Madrid Brazil Vinicius Junior
100%
1 Liverpool Netherlands Virgil van Dijk
100%
0 Man City Portugal Bernardo Silva
94%
0 Man Utd Portugal Cristiano Ronaldo
94%
82 Real Madrid Belgium Thibaut Courtois
94%
1 Liverpool Colombia Luis Diaz
88%
4 Man City Algeria Riyad Mahrez
88%
0 Liverpool England Trent Alexander-Arnold
82%
2 Liverpool Brazil Fabinho
76%
2 AC Milan Portugal Rafael Leao
76%
0 Bayern Munich Germany Joshua Kimmich
71%
0 Man City England Phil Foden
71%
1 Real Madrid Brazil Casemiro
65%
0 Man City Portugal Joao Cancelo
65%
1 Juventus Serbia Dusan Vlahovic
59%
0 Benfica Uruguay Darwin Nunez
53%
0 Chelsea Germany Antonio Rudiger
47%
0 RB Leipzig France Christopher Nkunku
47%
0 AC Milan France Mike Maignan
41%
2 Ajax Ivory Coast Sebastien Haller
35%
No matching quizzes found
Score Distribution
Percent of People with Each Score
Percentile by Number Answered
Your Score History
You have not taken this quiz